[Event "DEM U10w 2019"]
[Site "Willingen GER"]
[Date "2019.06.09"]
[Round "2"]
[White "Pröttel, Ela"]
[Black "Heutling, Sarah"]
[Result "0-1"]
[Termination "normal"]
[Board "2"]
[WhiteElo "1333"]
[BlackElo "1147"]
[WhiteClock "00:12:13"]
[BlackClock "01:09:41"]
[PlyCount "152"]
[WhiteFideId "44582749"]
[BlackFideId "16287304"]
[EventCountry "GER"]
[EventRounds "11"]
[EventType "swiss"]
[EventDate "2019.06.08"]

1. d4 {[%clk 1:15:58]} 1... Nf6 {[%clk 1:15:53]} 2. c4 {[%clk 1:15:35]} 2... g6
{[%clk 1:16:15]} 3. Nf3 {[%clk 1:15:02]} 3... Bg7 {[%clk 1:16:35]} 4. g3 {
[%clk 1:14:47]} 4... O-O {[%clk 1:16:55]} 5. Bg2 {[%clk 1:14:41]} 5... d6 {
[%clk 1:17:08]} 6. O-O {[%clk 1:14:29]} 6... c5 {[%clk 1:15:47]} 7. dxc5 {
[%clk 1:12:09]} 7... dxc5 {[%clk 1:16:09]} 8. Nc3 {[%clk 1:07:29]} 8... Bf5 {
[%clk 1:13:16]} 9. Ne5 {[%clk 0:59:53]} 9... Nbd7 {[%clk 1:10:18]} 10. Nxd7 {
[%clk 0:58:48]} 10... Qxd7 {[%clk 1:10:34]} 11. Qxd7 {[%clk 0:58:24]} 11...
Nxd7 {[%clk 1:10:53]} 12. Bxb7 {[%clk 0:57:40]} 12... Rab8 {[%clk 1:11:10]} 13.
Bg2 {[%clk 0:56:53]} 13... Ne5 {[%clk 1:07:59]} 14. Bf4 {[%clk 0:41:04]} 14...
Rxb2 {[%clk 1:06:32]} 15. Bxe5 {[%clk 0:28:50]} 15... Bxe5 {[%clk 1:06:46]} 16.
Nd5 {[%clk 0:23:47]} 16... Re8 {[%clk 1:05:54]} 17. e4 {[%clk 0:10:33]} 17...
Bg4 {[%clk 1:04:58]} 18. a3 {[%clk 0:06:10]} 18... Be2 {[%clk 1:04:20]} 19.
Rfc1 {[%clk 0:04:17]} 19... Rd2 {[%clk 1:04:20]} 20. Rab1 {[%clk 0:04:04]}
20... Bb2 {[%clk 1:04:27]} 21. Re1 {[%clk 0:02:19]} 21... Bxc4 {[%clk 1:03:03]}
22. Red1 {[%clk 0:01:57]} 22... Rxd1+ {[%clk 1:03:16]} 23. Rxd1 {[%clk 0:02:08]
} 23... Bxa3 {[%clk 1:03:15]} 24. Ra1 {[%clk 0:01:50]} 24... Bxd5 { [%clk
1:02:27]} 25. exd5 {[%clk 0:01:39]} 25... Bb2 {[%clk 1:02:39]} 26. Rxa7 { [%clk
0:02:16]} 26... e6 {[%clk 1:02:44]} 27. Kf1 {[%clk 0:02:21]} 27... exd5 { [%clk
1:02:34]} 28. Bxd5 {[%clk 0:02:40]} 28... Rf8 {[%clk 1:02:12]} 29. Ke2 { [%clk
0:02:05]} 29... Kg7 {[%clk 1:02:04]} 30. Kd3 {[%clk 0:01:46]} 30... c4+ { [%clk
0:58:44]} 31. Kxc4 {[%clk 0:01:03]} 31... Rc8+ {[%clk 0:58:50]} 32. Kb5 { [%clk
0:01:03]} 32... Bd4 {[%clk 0:57:14]} 33. Rxf7+ {[%clk 0:00:58]} 33... Kh6
{[%clk 0:57:31]} 34. f3 {[%clk 0:00:39]} 34... Rc5+ {[%clk 0:57:48]} 35. Kb4 {
[%clk 0:00:37]} 35... Rxd5 {[%clk 0:58:12]} 36. Kc4 {[%clk 0:00:52]} 36... Rd8
{[%clk 0:58:12]} 37. h4 {[%clk 0:00:51]} 37... Bf2 {[%clk 0:58:13]} 38. g4 {
[%clk 0:00:44]} 38... Bxh4 {[%clk 0:58:24]} 39. Rb7 {[%clk 0:00:43]} 39... Rf8
{[%clk 0:57:52]} 40. Rb3 {[%clk 0:00:42]} 40... Kg5 {[%clk 0:57:05]} 41. Rd3 {
[%clk 0:00:41]} 41... Kf4 {[%clk 0:55:51]} 42. Rc3 {[%clk 0:00:41]} 42... Kg3 {
[%clk 0:55:38]} 43. Kd4 {[%clk 0:00:39]} 43... Rxf3 {[%clk 0:55:51]} 44. Rc7 {
[%clk 0:00:07]} 44... h5 {[%clk 0:55:04]} 45. gxh5 {[%clk 0:00:37]} 45... gxh5
{[%clk 0:55:25]} 46. Rg7+ {[%clk 0:00:38]} 46... Kf4 {[%clk 0:54:48]} 47. Rf7+
{[%clk 0:15:09]} 47... Kg3 {[%clk 1:09:09]} 48. Rg7+ {[%clk 0:15:18]} 48... Kf2
{[%clk 1:09:01]} 49. Rh7 {[%clk 0:14:52]} 49... Bf6+ {[%clk 1:07:35]} 50. Kd5 {
[%clk 0:14:45]} 50... h4 {[%clk 1:07:52]} 51. Rb7 {[%clk 0:13:24]} 51... h3 {
[%clk 1:07:49]} 52. Rb1 {[%clk 0:13:21]} 52... h2 {[%clk 1:07:38]} 53. Ke4 {
[%clk 0:12:13]} 53... Rh3 {[%clk 1:06:50]} 54. Kf5 {[%clk 0:10:39]} 54... h1=Q
{[%clk 1:06:59]} 55. Rxh1 {[%clk 0:10:57]} 55... Rxh1 {[%clk 1:07:23]} 56. Kxf6
{[%clk 0:11:22]} 56... Rh5 {[%clk 1:07:36]} 57. Kg6 {[%clk 0:11:15]} 57... Ra5
{[%clk 1:07:55]} 58. Kf6 {[%clk 0:11:28]} 58... Kf3 {[%clk 1:08:14]} 59. Ke6 {
[%clk 0:11:46]} 59... Kf4 {[%clk 1:08:36]} 60. Kd6 {[%clk 0:11:48]} 60... Rh5 {
[%clk 1:05:51]} 61. Kc6 {[%clk 0:11:16]} 61... Rg5 {[%clk 1:05:29]} 62. Kb6 {
[%clk 0:10:59]} 62... Ke4 {[%clk 1:05:29]} 63. Kc6 {[%clk 0:10:57]} 63... Kd4 {
[%clk 1:05:46]} 64. Kd6 {[%clk 0:10:33]} 64... Rg6+ {[%clk 1:06:09]} 65. Kd7 {
[%clk 0:10:07]} 65... Ke5 {[%clk 1:06:30]} 66. Kc7 {[%clk 0:10:09]} 66... Kd5 {
[%clk 1:06:53]} 67. Kb7 {[%clk 0:10:18]} 67... Kc5 {[%clk 1:07:16]} 68. Ka7 {
[%clk 0:10:11]} 68... Kb5 {[%clk 1:07:41]} 69. Kb7 {[%clk 0:10:14]} 69... Rg7+
{[%clk 1:08:05]} 70. Kc8 {[%clk 0:10:21]} 70... Kc6 {[%clk 1:07:44]} 71. Kd8 {
[%clk 0:10:35]} 71... Ra7 {[%clk 1:08:06]} 72. Ke8 {[%clk 0:10:42]} 72... Kd6 {
[%clk 1:08:30]} 73. Kf8 {[%clk 0:11:04]} 73... Ke6 {[%clk 1:08:54]} 74. Kg8 {
[%clk 0:11:26]} 74... Kf6 {[%clk 1:09:17]} 75. Kh8 {[%clk 0:11:50]} 75... Kg6 {
[%clk 1:09:41]} 76. Kg8 {[%clk 0:12:13]} 76... Ra8# 0-1

[Event "DEM U10w 2019"]
[Site "Willingen GER"]
[Date "2019.06.09"]
[Round "2"]
[White "Halas, Neele Zoe"]
[Black "Trunz, Tamila"]
[Result "1-0"]
[Termination "normal"]
[Board "3"]
[WhiteElo "1109"]
[BlackElo "1273"]
[WhiteClock "00:23:32"]
[BlackClock "00:12:26"]
[PlyCount "107"]
[WhiteFideId "16287282"]
[BlackFideId "16267885"]
[EventCountry "GER"]
[EventRounds "11"]
[EventType "swiss"]
[EventDate "2019.06.08"]

1. e4 {[%clk 1:15:56]} 1... e5 {[%clk 1:15:55]} 2. Nf3 {[%clk 1:16:21]} 2...
Nc6 {[%clk 1:16:19]} 3. d4 {[%clk 1:16:46]} 3... exd4 {[%clk 1:16:37]} 4. Nxd4
{[%clk 1:17:08]} 4... Nf6 {[%clk 1:16:55]} 5. Nxc6 {[%clk 1:17:28]} 5... bxc6 {
[%clk 1:17:12]} 6. e5 {[%clk 1:17:52]} 6... Qe7 {[%clk 1:17:23]} 7. Qe2 { [%clk
1:18:14]} 7... Nd5 {[%clk 1:17:33]} 8. c4 {[%clk 1:18:36]} 8... Ba6 { [%clk
1:17:58]} 9. b3 {[%clk 1:18:58]} 9... O-O-O {[%clk 1:17:57]} 10. Qe4 { [%clk
1:18:29]} 10... Nb6 {[%clk 1:17:57]} 11. Bd3 {[%clk 1:18:07]} 11... d5 { [%clk
1:16:15]} 12. exd6 {[%clk 1:14:23]} 12... Qxd6 {[%clk 1:13:20]} 13. Ke2 { [%clk
1:06:24]} 13... Qf6 {[%clk 1:12:13]} 14. Qf5+ {[%clk 1:05:29]} 14... Kb8 {[%clk
1:11:44]} 15. Qxf6 {[%clk 1:05:40]} 15... gxf6 {[%clk 1:11:14]} 16. Rd1 {[%clk
1:05:06]} 16... Bc5 {[%clk 1:10:57]} 17. Bb2 {[%clk 1:03:58]} 17... Rhe8+
{[%clk 1:10:47]} 18. Kf1 {[%clk 1:03:47]} 18... Re6 {[%clk 1:08:34]} 19. Nc3
{[%clk 1:00:13]} 19... h6 {[%clk 1:05:37]} 20. Bf5 {[%clk 0:59:19]} 20... Red6
{[%clk 1:02:51]} 21. Rxd6 {[%clk 0:57:01]} 21... cxd6 {[%clk 1:02:40]} 22. Ne4
{[%clk 0:56:37]} 22... Bb4 {[%clk 1:00:37]} 23. a3 {[%clk 0:55:37]} 23... d5
{[%clk 0:59:20]} 24. axb4 {[%clk 0:54:50]} 24... dxe4 {[%clk 0:59:14]} 25. Rxa6
{[%clk 0:54:14]} 25... Re8 {[%clk 0:52:14]} 26. c5 {[%clk 0:53:43]} 26... Nd5
{[%clk 0:51:40]} 27. Ra4 {[%clk 0:46:04]} 27... e3 {[%clk 0:50:43]} 28. Bg4
{[%clk 0:40:44]} 28... f5 {[%clk 0:49:12]} 29. Be2 {[%clk 0:38:18]} 29... f4 {
[%clk 0:41:19]} 30. f3 {[%clk 0:37:36]} 30... h5 {[%clk 0:37:51]} 31. h4 {
[%clk 0:34:33]} 31... Kb7 32. b5 {[%clk 0:33:07]} 32... f6 {[%clk 0:32:59]} 33.
Re4 {[%clk 0:31:04]} 33... Rxe4 {[%clk 0:32:12]} 34. fxe4 {[%clk 0:29:01]}
34... Ne7 {[%clk 0:28:22]} 35. Bxf6 {[%clk 0:28:06]} 35... Ng6 {[%clk 0:27:00]}
36. Bxh5 {[%clk 0:27:49]} 36... Nf8 {[%clk 0:22:51]} 37. Be5 {[%clk 0:27:39]}
37... Ne6 {[%clk 0:23:11]} 38. bxc6+ {[%clk 0:27:15]} 38... Kxc6 { [%clk
0:23:22]} 39. b4 {[%clk 0:27:10]} 39... a6 {[%clk 0:17:02]} 40. Bg4 { [%clk
0:24:17]} 40... Nxc5 {[%clk 0:15:19]} 41. bxc5 {[%clk 0:23:15]} 41... Kxc5
{[%clk 0:13:54]} 42. h5 {[%clk 0:23:20]} 42... a5 {[%clk 0:12:55]} 43. h6
{[%clk 0:23:38]} 43... a4 {[%clk 0:13:20]} 44. h7 {[%clk 0:24:04]} 44... a3 45.
h8=Q 45... a2 {[%clk 0:12:40]} 46. Bxf4 {[%clk 0:23:45]} 46... e2+ { [%clk
0:12:30]} 47. Kxe2 {[%clk 0:23:27]} 47... Kc4 {[%clk 0:12:20]} 48. Be6+ { [%clk
0:23:27]} 48... Kb4 49. Bxa2 {[%clk 0:23:33]} 49... Ka3 {[%clk 0:12:09]} 50.
Qg8 {[%clk 0:23:11]} 50... Kb4 {[%clk 0:12:18]} 51. Bd6+ {[%clk 0:23:13]} 51...
Kc3 {[%clk 0:12:26]} 52. Qc4+ {[%clk 0:23:32]} 52... Kb2 53. Be5+ Ka3 54. Qb3#
1-0

[Event "DEM U10w 2019"]
[Site "Willingen GER"]
[Date "2019.06.09"]
[Round "2"]
[White "Wartenberg, Alissa"]
[Black "Haug, Mara"]
[Result "1-0"]
[Termination "normal"]
[Board "4"]
[WhiteElo "1291"]
[BlackElo "1097"]
[WhiteClock "01:03:09"]
[BlackClock "00:16:33"]
[PlyCount "141"]
[WhiteFideId "16280741"]
[BlackFideId "16259300"]
[EventCountry "GER"]
[EventRounds "11"]
[EventType "swiss"]
[EventDate "2019.06.08"]

1. e4 {[%clk 1:15:56]} 1... e5 {[%clk 1:15:49]} 2. Nf3 {[%clk 1:16:19]} 2...
Nc6 {[%clk 1:15:41]} 3. Nc3 {[%clk 1:16:43]} 3... Nf6 {[%clk 1:14:57]} 4. d4 {
[%clk 1:17:07]} 4... exd4 {[%clk 1:11:02]} 5. Nxd4 {[%clk 1:17:30]} 5... Bb4 {
[%clk 1:10:25]} 6. Nxc6 {[%clk 1:17:46]} 6... bxc6 {[%clk 1:09:20]} 7. Bd3 {
[%clk 1:18:06]} 7... d5 {[%clk 1:00:21]} 8. exd5 {[%clk 1:15:51]} 8... cxd5 {
[%clk 0:59:04]} 9. O-O {[%clk 1:16:10]} 9... O-O {[%clk 0:58:37]} 10. Bg5 {
[%clk 1:16:10]} 10... Bxc3 {[%clk 0:52:24]} 11. bxc3 {[%clk 1:16:27]} 11... Rb8
{[%clk 0:52:46]} 12. Qf3 {[%clk 1:15:37]} 12... Rb6 {[%clk 0:49:29]} 13. c4 {
[%clk 1:13:33]} 13... Bb7 {[%clk 0:46:31]} 14. cxd5 {[%clk 1:06:08]} 14... Bxd5
{[%clk 0:46:07]} 15. Bxf6 {[%clk 1:06:03]} 15... Rxf6 {[%clk 0:46:04]} 16. Qh3
{[%clk 1:05:50]} 16... Rh6 {[%clk 0:44:45]} 17. Qg3 {[%clk 1:04:47]} 17... Qd6
{[%clk 0:42:52]} 18. Qxd6 {[%clk 1:04:27]} 18... cxd6 {[%clk 0:43:15]} 19. Rfe1
{[%clk 1:04:06]} 19... Rb8 {[%clk 0:40:27]} 20. Re7 {[%clk 1:03:59]} 20... a5 {
[%clk 0:38:26]} 21. Ra7 {[%clk 1:04:00]} 21... Ra8 {[%clk 0:36:12]} 22. Rb1 {
[%clk 1:03:23]} 22... Re8 {[%clk 0:28:51]} 23. Rxa5 {[%clk 1:03:20]} 23... Bc6
{[%clk 0:23:51]} 24. Bb5 {[%clk 1:03:15]} 24... Rb8 {[%clk 0:22:41]} 25. Re1 {
[%clk 1:01:18]} 25... Re6 {[%clk 0:20:15]} 26. Rxe6 {[%clk 1:00:57]} 26... fxe6
{[%clk 0:20:34]} 27. a4 {[%clk 1:01:06]} 27... Ra8 {[%clk 0:17:09]} 28. Rxa8+ {
[%clk 1:00:42]} 28... Bxa8 {[%clk 0:17:30]} 29. a5 {[%clk 1:00:51]} 29... Kf7 {
[%clk 0:17:21]} 30. a6 {[%clk 1:01:00]} 30... Ke7 {[%clk 0:17:43]} 31. f3 {
[%clk 1:00:50]} 31... d5 {[%clk 0:17:14]} 32. Kf2 {[%clk 1:01:06]} 32... e5 {
[%clk 0:16:46]} 33. Ke3 {[%clk 1:01:03]} 33... Ke6 {[%clk 0:16:12]} 34. g3 {
[%clk 0:59:59]} 34... d4+ {[%clk 0:16:17]} 35. Ke2 {[%clk 0:59:49]} 35... g5 {
[%clk 0:15:18]} 36. g4 {[%clk 0:56:16]} 36... Kd5 {[%clk 0:13:58]} 37. Bd7 {
[%clk 0:55:40]} 37... Kc4 {[%clk 0:13:26]} 38. Kd2 {[%clk 0:55:46]} 38... Bxf3
{[%clk 0:13:22]} 39. Bc8 {[%clk 0:54:55]} 39... e4 {[%clk 0:11:43]} 40. Bb7 {
[%clk 0:55:07]} 40... e3+ {[%clk 0:11:47]} 41. Ke1 {[%clk 0:55:31]} 41... Kb5 {
[%clk 0:11:17]} 42. Bxf3 {[%clk 0:55:50]} 42... Kxa6 {[%clk 0:11:32]} 43. Ke2 {
[%clk 0:56:07]} 43... Kb5 {[%clk 0:11:49]} 44. Kd3 {[%clk 0:56:18]} 44... Kc5 {
[%clk 0:11:57]} 45. c3 {[%clk 0:56:25]} 45... e2 {[%clk 0:11:45]} 46. Bxe2 {
[%clk 0:56:48]} 46... dxc3 {[%clk 0:12:08]} 47. Kxc3 {[%clk 0:57:10]} 47... Kd5
{[%clk 0:12:37]} 48. Kd3 {[%clk 0:57:16]} 48... Ke5 {[%clk 0:12:51]} 49. Ke3 {
[%clk 0:57:36]} 49... Kd5 {[%clk 0:13:12]} 50. Bd1 {[%clk 0:57:48]} 50... Ke5 {
[%clk 0:13:24]} 51. Bb3 {[%clk 0:58:06]} 51... h6 {[%clk 0:13:41]} 52. h3 {
[%clk 0:58:30]} 52... Kf6 {[%clk 0:14:05]} 53. Ke4 {[%clk 0:58:18]} 53... Kg6 {
[%clk 0:14:09]} 54. Ba4 {[%clk 0:58:42]} 54... Kf6 {[%clk 0:13:30]} 55. Be8 {
[%clk 0:58:30]} 55... Ke6 {[%clk 0:13:33]} 56. Bh5 {[%clk 0:58:44]} 56... Kf6 {
[%clk 0:13:57]} 57. Kd5 {[%clk 0:59:06]} 57... Kg7 {[%clk 0:13:47]} 58. Ke6 {
[%clk 0:59:22]} 58... Kh7 {[%clk 0:13:41]} 59. Kf7 {[%clk 0:59:37]} 59... Kh8 {
[%clk 0:14:04]} 60. Kg6 {[%clk 0:59:57]} 60... Kg8 {[%clk 0:13:30]} 61. Kxh6 {
[%clk 1:00:05]} 61... Kh8 {[%clk 0:13:52]} 62. Kxg5 {[%clk 1:00:28]} 62... Kg7
{[%clk 0:14:09]} 63. Kf5 {[%clk 1:00:35]} 63... Kh6 {[%clk 0:14:32]} 64. g5+ {
[%clk 1:00:59]} 64... Kg7 {[%clk 0:14:51]} 65. g6 {[%clk 1:01:13]} 65... Kh6 {
[%clk 0:15:15]} 66. Kf6 {[%clk 1:01:31]} 66... Kxh5 {[%clk 0:15:34]} 67. g7 {
[%clk 1:01:57]} 67... Kh4 {[%clk 0:15:47]} 68. g8=Q {[%clk 1:02:21]} 68... Kxh3
{[%clk 0:16:10]} 69. Qg1 {[%clk 1:02:46]} 69... Kh4 {[%clk 0:16:33]} 70. Qg2 {
[%clk 1:03:09]} 70... Kh5 71. Qg5# 1-0

[Event "DEM U10w 2019"]
[Site "Willingen GER"]
[Date "2019.06.09"]
[Round "2"]
[White "Glotz, Diana"]
[Black "Wehling, Ida"]
[Result "1-0"]
[Termination "normal"]
[Board "5"]
[WhiteElo "1244"]
[BlackElo "1093"]
[WhiteClock "00:40:40"]
[BlackClock "01:05:36"]
[PlyCount "73"]
[WhiteFideId "16278500"]
[BlackFideId "16287452"]
[EventCountry "GER"]
[EventRounds "11"]
[EventType "swiss"]
[EventDate "2019.06.08"]

1. c4 {[%clk 1:15:43]} 1... e5 {[%clk 1:15:57]} 2. Nc3 {[%clk 1:15:52]} 2...
Nf6 {[%clk 1:16:14]} 3. g3 {[%clk 1:16:10]} 3... Bc5 {[%clk 1:16:30]} 4. Bg2 {
[%clk 1:16:10]} 4... d6 {[%clk 1:16:31]} 5. e3 {[%clk 1:16:10]} 5... Nbd7 {
[%clk 1:14:58]} 6. Nge2 {[%clk 1:14:56]} 6... Nf8 {[%clk 1:14:22]} 7. d4 {
[%clk 1:14:56]} 7... Bb6 {[%clk 1:14:18]} 8. dxe5 {[%clk 1:10:45]} 8... dxe5 {
[%clk 1:12:24]} 9. Qxd8+ {[%clk 1:11:07]} 9... Kxd8 {[%clk 1:12:45]} 10. O-O {
[%clk 1:11:29]} 10... Ne6 {[%clk 1:12:49]} 11. Rd1+ {[%clk 1:11:09]} 11... Ke7
{[%clk 1:13:13]} 12. b4 {[%clk 1:10:08]} 12... a6 {[%clk 1:13:11]} 13. c5 {
[%clk 1:10:15]} 13... Ba7 {[%clk 1:13:35]} 14. f4 14... exf4 {[%clk 1:12:02]}
15. gxf4 {[%clk 1:08:44]} 15... Re8 {[%clk 1:12:17]} 16. c6 {[%clk 1:08:47]}
16... Rb8 {[%clk 1:12:27]} 17. f5 {[%clk 1:04:05]} 17... Ng5 {[%clk 1:10:55]}
18. b5 {[%clk 1:04:15]} 18... Bxf5 {[%clk 1:10:19]} 19. Ba3+ {[%clk 1:03:15]}
19... Ke6 {[%clk 1:08:17]} 20. Nf4+ {[%clk 1:03:12]} 20... Ke5 {[%clk 1:07:54]}
21. Kf2 {[%clk 1:02:22]} 21... Ng4+ {[%clk 1:07:10]} 22. Kg3 {[%clk 0:56:28]}
22... Nxe3 {[%clk 1:05:34]} 23. Re1 {[%clk 0:54:28]} 23... Kf6 {[%clk 1:05:38]}
24. Ncd5+ {[%clk 0:54:36]} 24... Nxd5 {[%clk 1:05:48]} 25. Nxd5+ { [%clk
0:54:56]} 25... Kg6 {[%clk 1:06:08]} 26. Nf4+ {[%clk 0:54:58]} 26... Kh6 {[%clk
1:06:18]} 27. h4 {[%clk 0:49:18]} 27... Ne4+ {[%clk 1:06:00]} 28. Kh2 { [%clk
0:44:57]} 28... axb5 {[%clk 1:06:08]} 29. cxb7 {[%clk 0:45:09]} 29... Rxb7
{[%clk 1:06:25]} 30. Bf3 {[%clk 0:40:26]} 30... Bb8 {[%clk 1:06:14]} 31. Bc1
{[%clk 0:40:38]} 31... g5 {[%clk 1:06:02]} 32. hxg5+ {[%clk 0:40:16]} 32...
Kxg5 {[%clk 1:06:21]} 33. Nd5+ 33... Kg6 {[%clk 1:05:42]} 34. Rg1+ { [%clk
0:40:41]} 34... Ng5 {[%clk 1:05:39]} 35. Rxg5+ {[%clk 0:41:03]} 35... Kh6
{[%clk 1:05:36]} 36. Rg8+ {[%clk 0:40:40]} 36... Re3 {[%clk 1:05:36]} 37. Bxe3#
{[%clk 0:40:40]} 1-0

[Event "DEM U10w 2019"]
[Site "Willingen GER"]
[Date "2019.06.09"]
[Round "2"]
[White "Ezold, Johanna Sophie"]
[Black "Moldovan, Stela"]
[Result "1-0"]
[Termination "normal"]
[Board "7"]
[WhiteElo "1076"]
[BlackElo "1193"]
[PlyCount "93"]
[WhiteFideId "16275411"]
[BlackFideId "16287380"]
[EventCountry "GER"]
[EventRounds "11"]
[EventType "swiss"]
[EventDate "2019.06.08"]

1. e4 c5 2. d4 cxd4 3. Qxd4 Nc6 4. Qd3 e5 5. Nf3 Bc5 6. Nc3 d6 7. a3 Bg4 8. h3
Bh5 9. Be2 Nf6 10. Bg5 Qb6 11. Nd1 O-O-O 12. b4 Bd4 13. c3 h6 14. Bh4 g5 15.
Bg3 Bxc3+ 16. Nxc3 Nd4 17. Nxd4 Bxe2 18. Ndxe2 Kb8 19. O-O g4 20. hxg4 Nxg4 21.
Nd5 Qc6 22. Ne7 Qd7 23. Nf5 d5 24. f3 dxe4 25. Qxd7 Rxd7 26. fxg4 h5 27. Bxe5+
Ka8 28. Bxh8 hxg4 29. Rac1 b6 30. Rfd1 Rxd1+ 31. Rxd1 Kb8 32. Rd7 Kc8 33. Rxf7
a6 34. Nd6+ Kb8 35. Be5 g3 36. Nb5+ Ka8 37. Nc7+ Kb7 38. Nd4 b5 39. Rf6 e3 40.
Nd5 e2 41. Nxe2 a5 42. bxa5 b4 43. a6+ Ka7 44. Bb8+ Kxb8 45. Rf7 bxa3 46. a7+
Ka8 47. Nb6# 1-0

[Event "DEM U10w 2019"]
[Site "Willingen GER"]
[Date "2019.06.09"]
[Round "2"]
[White "Bakó, Evelin"]
[Black "Vöcking, Julia"]
[Result "0-1"]
[Termination "normal"]
[Board "8"]
[WhiteElo "1152"]
[BlackElo "812"]
[PlyCount "88"]
[WhiteFideId "16271823"]
[BlackFideId "16287444"]
[EventCountry "GER"]
[EventRounds "11"]
[EventType "swiss"]
[EventDate "2019.06.08"]

1. e4 d6 2. Nf3 Nf6 3. Nc3 g6 4. d4 Bg7 5. Be3 O-O 6. Qd2 Nc6 7. h3 Re8 8. d5
Ne5 9. Nxe5 dxe5 10. O-O-O b6 11. Be2 Bb7 12. g4 e6 13. h4 exd5 14. exd5 Bxd5
15. Nxd5 Nxd5 16. Qxd5 e4 17. Qb3 Qf6 18. g5 Qe7 19. h5 Red8 20. Rdg1 Rd6 21.
hxg6 hxg6 22. Bd2 Qe5 23. Bc3 Qf4+ 24. Bd2 Qxd2+ 25. Kb1 Qxe2 26. a3 Rad8 27.
Rc1 Rd1 28. Ka2 Rxc1 29. Rxc1 Rd1 30. Rxd1 Qxd1 31. Qc4 Qc1 32. Qb3 Qf1 33. Qe3
Qc4+ 34. Kb1 Qb5 35. Qc1 f6 36. gxf6 Bxf6 37. b3 Qe5 38. Ka2 g5 39. a4 g4 40.
Ka3 Qa1+ 41. Qxa1 Bxa1 42. Kb4 e3 43. fxe3 g3 44. Kc4 g2 0-1

[Event "DEM U10w 2019"]
[Site "Willingen GER"]
[Date "2019.06.09"]
[Round "2"]
[White "Jannicke, Svea"]
[Black "Moradi, Yassaman"]
[Result "0-1"]
[Termination "normal"]
[Board "9"]
[WhiteElo "1062"]
[BlackElo "1174"]
[PlyCount "134"]
[WhiteFideId "16287320"]
[BlackFideId "16279964"]
[EventCountry "GER"]
[EventRounds "11"]
[EventType "swiss"]
[EventDate "2019.06.08"]

1. d4 d5 2. Bf4 Nf6 3. e3 Nc6 4. Nf3 e6 5. Bd3 Bd6 6. Bxd6 cxd6 7. c3 b6 8.
Nbd2 e5 9. dxe5 dxe5 10. e4 dxe4 11. Nxe4 Bb7 12. Nxf6+ Qxf6 13. Be4 O-O 14.
O-O Rad8 15. Qc2 g6 16. Rad1 Rc8 17. Qc1 Ba6 18. Rfe1 Qf4 19. Qxf4 exf4 20. Rd7
Na5 21. Rxa7 Bc4 22. b4 Nc6 23. Bxc6 Rxc6 24. Ree7 Rd6 25. h3 Bd5 26. Rad7 Rxd7
27. Rxd7 Bxa2 28. Rb7 Rc8 29. Rxb6 Rxc3 30. Kh2 Bd5 31. Ne1 Rb3 32. Rd6 Be6 33.
Nc2 Rb2 34. Nd4 Bc4 35. b5 Bxb5 36. Rb6 Rxf2 37. Rxb5 Kg7 38. Re5 Kf6 39. Re2
Rxe2 40. Nxe2 Ke5 41. Kg1 h5 42. Kf2 f5 43. Kf3 g5 44. g3 g4+ 45. hxg4 hxg4+
46. Kf2 f3 47. Nc1 Ke4 48. Nb3 f4 49. Nd2+ Kf5 50. gxf4 Kxf4 51. Nxf3 gxf3 52.
Kf1 Ke4 53. Ke1 Ke3 54. Kf1 f2 55. Kg2 Ke2 56. Kh2 f1=Q 57. Kg3 Qf2+ 58. Kg4
Qf3+ 59. Kg5 Ke3 60. Kg6 Qf4 61. Kg7 Qf5 62. Kg8 Qf6 63. Kh7 Qg5 64. Kh8 Ke4
65. Kh7 Kf5 66. Kh8 Kf6 67. Kh7 Qg7# 0-1

[Event "DEM U10w 2019"]
[Site "Willingen GER"]
[Date "2019.06.09"]
[Round "2"]
[White "Le, Thao-Linh"]
[Black "Lichtenegger, Katharina"]
[Result "0-1"]
[Termination "normal"]
[Board "10"]
[WhiteElo "1014"]
[BlackElo "1238"]
[PlyCount "96"]
[WhiteFideId "16279131"]
[BlackFideId "16287355"]
[EventCountry "GER"]
[EventRounds "11"]
[EventType "swiss"]
[EventDate "2019.06.08"]

1. e4 e5 2. f4 Nc6 3. Nf3 d5 4. exd5 Qxd5 5. Nc3 Qe6 6. Qe2 Nb4 7. Qe4 exf4 8.
Qxe6+ Bxe6 9. Bd3 Nxd3+ 10. cxd3 Bc5 11. d4 Bd6 12. O-O Nf6 13. d3 O-O 14. Bd2
Ng4 15. h3 Ne3 16. Bxe3 fxe3 17. Rae1 c5 18. Rxe3 Rfe8 19. Rfe1 cxd4 20. Nxd4
Bc5 21. Re4 Bd7 22. Rxe8+ Rxe8 23. Rxe8+ Bxe8 24. Nce2 Bb5 25. Kf2 Bxd3 26. Kf3
Bc4 27. b3 Bd5+ 28. Ke3 Bxg2 29. h4 Bc6 30. Kd3 Bd7 31. Kc4 Bb6 32. Kd5 Bg4 33.
Nf4 h6 34. Nb5 g5 35. hxg5 hxg5 36. Nd3 Be2 37. Kc4 g4 38. Nd4 Bxd4 39. Kxd4 f5
40. Ke3 Bxd3 41. Kxd3 f4 42. Ke2 Kg7 43. a4 a5 44. Kf2 g3+ 45. Kf3 Kg6 46. Kg2
Kg5 47. Kf3 Kh4 48. Kg2 Kg4 0-1

[Event "DEM U10w 2019"]
[Site "Willingen GER"]
[Date "2019.06.09"]
[Round "2"]
[White "Schülke, Rosalie"]
[Black "Bangiev, Katharina"]
[Result "0-1"]
[Termination "normal"]
[Board "11"]
[WhiteElo "995"]
[BlackElo "1003"]
[PlyCount "98"]
[WhiteFideId "16287436"]
[BlackFideId "16267230"]
[EventCountry "GER"]
[EventRounds "11"]
[EventType "swiss"]
[EventDate "2019.06.08"]

1. e4 d6 2. d4 g6 3. Nf3 Bg7 4. Bf4 Nf6 5. Nc3 O-O 6. Bc4 Nc6 7. O-O Bg4 8. Re1
Bxf3 9. Qxf3 Nxd4 10. Qd3 e5 11. Bg3 Nh5 12. Rad1 Nxg3 13. fxg3 c6 14. Rf1 Qb6
15. Rf2 Rad8 16. Rdf1 Rd7 17. b3 a6 18. a3 Qa7 19. b4 b5 20. Ba2 c5 21. bxc5
Qxc5 22. Nd5 Ra7 23. c3 Qxa3 24. Qd2 Nc6 25. Qg5 Qc5 26. Kh1 b4 27. Qh4 bxc3
28. Nf6+ Bxf6 29. Rxf6 c2 30. Qg5 Nb4 31. Bb3 Qc3 32. Be6 Nd3 33. R6f3 c1=Q 34.
Qxc1 Qxc1 35. Rxc1 Nxc1 36. Bd5 Kg7 37. Rc3 Ne2 38. Re3 Nd4 39. h3 a5 40. Ra3
Nb5 41. Ra1 f5 42. exf5 Rxf5 43. g4 Rf4 44. Kh2 a4 45. g3 Rf2+ 46. Kg1 Rb2 47.
Bc4 Nc3 48. Kf1 a3 49. Ke1 a2 0-1

[Event "DEM U10w 2019"]
[Site "Willingen GER"]
[Date "2019.06.09"]
[Round "2"]
[White "Richter, Johanna"]
[Black "Oellrich, Emma"]
[Result "0-1"]
[Termination "normal"]
[Board "12"]
[WhiteElo "936"]
[BlackElo "1484"]
[PlyCount "42"]
[WhiteFideId "16278925"]
[BlackFideId "16268806"]
[EventCountry "GER"]
[EventRounds "11"]
[EventType "swiss"]
[EventDate "2019.06.08"]

1. d4 e6 2. Bf4 c5 3. e3 d5 4. c3 Nc6 5. Bd3 Bd6 6. Bg3 Nf6 7. Nf3 O-O 8. Nbd2
Re8 9. Qc2 cxd4 10. exd4 e5 11. dxe5 Nxe5 12. Nxe5 Bxe5 13. O-O-O Bd7 14. Kb1
Qb6 15. Rc1 Rac8 16. Bxe5 Rxe5 17. Nf3 Ree8 18. Ng5 h6 19. Bh7+ Kf8 20. Nxf7
Kxf7 21. Qg6+ Kf8 0-1